Liedli für Mutter und Kind, für eine Singstimme und Klavier

Guardat en:
Dades bibliogràfiques
Autor principal: Kugler, Gustav (Autor)
Format: Partitura Llibre
Idioma:alemany
Publicat: Zurich Sämann 1900
Matèries:
Etiquetes: Afegir etiqueta
Sense etiquetes, Sigues el primer a etiquetar aquest registre!

MARC

LEADER 00000ncm a2200000 a 4500
001 UCN3037
003 CL-VaPUC
005 20220603122834.0
008 010615e19000000SZ |||||||||||||||||ger|d
999 |c 296052  |d 296050 
040 |c Pontificia Universidad Católica de Valparaíso 
082 0 4 |a Ca782.421582 KUG 1900  |2 21 
100 0 |a Kugler, Gustav  |e author  |9 459447 
245 1 0 |a Liedli für Mutter und Kind, für eine Singstimme und Klavier 
260 |a Zurich  |b Sämann  |c 1900 
300 |a 16 p 
583 |a last modification  |c 20010615 00:00:00  |k Rodrigo Vera 
650 0 |a Canciones infantiles  |9 307627 
650 0 |a Música infantil   |9 309324 
942 |c BK  |2 ddc 
945 |d 20010615 00:00:00  |a crobeson 
952 |0 0  |1 0  |2 ddc  |4 0  |6 CA_782_421582000000000_KUG_1900  |7 0  |8 A  |9 349542  |a BIBEDU  |b BIBEDU  |d 2019-11-20  |i 118766K  |o Ca782.421582 KUG 1900  |p 118766K  |r 2023-11-22  |w 2019-11-20  |y PA  |k MUS